[Event "Tradewise Gibraltar Chess Festival 2014 "]
[Site "The Caleta Hotel - Gibraltar"]
[Date "2014.02.03"]
[Round "7.66"]
[White "Welling, Gerard"]
[Black "Urbina Perez, Juan Antonio"]
[Result "1-0"]
[WhiteElo "2326"]
[BlackElo "2183"]
[PlyCount "37"]
[EventDate "2014.01.28"]

1. d4 Nf6 2. Nf3 e6 3. e3 b6 4. Bd3 Bb7 5. O-O c5 6. c4 Be7 7. Nc3 cxd4 8. exd4
d5 9. cxd5 Nxd5 10. Ne5 O-O 11. Qh5 Nf6 12. Qh4 Nbd7 13. Qh3 Re8 14. Re1 a6 15.
Nxf7 Kxf7 16. Qxe6+ Kf8 17. Bc4 Nd5 18. Nxd5 Bf6 19. Nf4 1-0

[Event "Tradewise Gibraltar Chess Festival 2014 "]
[Site "The Caleta Hotel - Gibraltar"]
[Date "2014.02.03"]
[Round "7.67"]
[White "Tate, Alan"]
[Black "Valenti, Giuseppe"]
[Result "1-0"]
[WhiteElo "2321"]
[BlackElo "2172"]
[PlyCount "57"]
[EventDate "2014.01.28"]

1. e4 d6 2. d4 Nf6 3. Nc3 e5 4. Nf3 Nbd7 5. Bc4 Be7 6. O-O O-O 7. a4 a5 8. Re1
c6 9. h3 h6 10. Ba2 Re8 11. dxe5 dxe5 12. Nh4 Nf8 13. Qf3 Be6 14. Nf5 Bxf5 15.
Qxf5 Qd7 16. Qf3 Bb4 17. Bxh6 Bxc3 18. bxc3 Kh8 19. Bg5 N8h7 20. Be3 Kg8 21.
Red1 Qe7 22. h4 b5 23. h5 Red8 24. g4 Rxd1+ 25. Rxd1 Qa3 26. Bb3 bxa4 27. Bc1
Qc5 28. Ba2 Qe7 29. g5 1-0

[Event "Tradewise Gibraltar Chess Festival 2014 "]
[Site "The Caleta Hotel - Gibraltar"]
[Date "2014.02.03"]
[Round "7.68"]
[White "Chapman, Terry P D"]
[Black "Lercel, Michal"]
[Result "1-0"]
[WhiteElo "2304"]
[BlackElo "2150"]
[PlyCount "57"]
[EventDate "2014.01.28"]

1. Nf3 Nf6 2. c4 g6 3. d4 Bg7 4. g3 O-O 5. Bg2 d6 6. Nc3 Nc6 7. O-O a6 8. Re1
Rb8 9. Rb1 Bf5 10. e4 Bg4 11. Be3 Nd7 12. Ne2 e6 13. Qd2 Nf6 14. Nh4 Bxe2 15.
Qxe2 e5 16. d5 Nd4 17. Qd3 c5 18. dxc6 bxc6 19. Bxd4 exd4 20. Qxd4 Ng4 21. Qd2
Qb6 22. Nf3 f5 23. h3 fxe4 24. Rxe4 Ne5 25. Ng5 Rbe8 26. h4 Kh8 27. Rf1 Qc5 28.
b4 Nxc4 29. Qc1 1-0

[Event "Tradewise Gibraltar Chess Festival 2014 "]
[Site "The Caleta Hotel - Gibraltar"]
[Date "2014.02.03"]
[Round "7.69"]
[White "De Haan, Eric"]
[Black "Burrows, Martin P"]
[Result "1-0"]
[WhiteElo "2303"]
[BlackElo "2126"]
[PlyCount "87"]
[EventDate "2014.01.28"]

1. d4 Nf6 2. c4 e6 3. Nc3 Bb4 4. e3 b6 5. Nge2 Ne4 6. Bd2 Nxd2 7. Qxd2 Ba6 8.
a3 Bxc3 9. Nxc3 d5 10. cxd5 Bxf1 11. Kxf1 exd5 12. Rc1 Qd7 13. Qd3 O-O 14. h4
a6 15. Ne2 Ra7 16. g3 Nc6 17. b4 Ne7 18. Kg2 Nf5 19. Nc3 Qe6 20. Ne2 Qd7 21.
Nf4 c6 22. Qc2 Rc8 23. Nd3 f6 24. h5 Nd6 25. h6 g6 26. Nf4 f5 27. a4 Nc4 28.
Nd3 Re8 29. Ne5 Nxe5 30. dxe5 Rc7 31. Qc3 Rec8 32. a5 bxa5 33. bxa5 c5 34. Rb1
Rb7 35. Rhd1 Qc6 36. Kg1 Rcb8 37. Rxb7 Rxb7 38. e6 Qxe6 39. Qxc5 Kf7 40. Qd4
Ke7 41. Rc1 Kd6 42. Qc5+ Ke5 43. Qc3+ Ke4 44. Kg2 1-0

[Event "Tradewise Gibraltar Chess Festival 2014 "]
[Site "The Caleta Hotel - Gibraltar"]
[Date "2014.02.03"]
[Round "7.70"]
[White "Wahlbom, Magnus"]
[Black "Kenney, Jason"]
[Result "1-0"]
[WhiteElo "2297"]
[BlackElo "2112"]
[PlyCount "61"]
[EventDate "2014.01.28"]

1. e4 c6 2. d4 d5 3. Nc3 dxe4 4. Nxe4 Bf5 5. Ng3 Bg6 6. N1e2 e6 7. Nf4 Bd6 8.
Nxg6 hxg6 9. Ne4 Nf6 10. Nxd6+ Qxd6 11. c3 Nbd7 12. Qb3 O-O-O 13. g3 e5 14. Bg2
exd4 15. O-O d3 16. Bf4 Ne5 17. Rad1 Nfd7 18. Rfe1 g5 19. Bxg5 f6 20. Be3 g5
21. Bxa7 g4 22. Re3 Rh5 23. c4 Rdh8 24. c5 Nxc5 25. Qb4 Nf3+ 26. Bxf3 gxf3 27.
Qg4+ Nd7 28. Rexd3 Rxh2 29. Qxf3 Qe6 30. Rxd7 Qh3 31. Rc7+ 1-0

[Event "Tradewise Gibraltar Chess Festival 2014 "]
[Site "The Caleta Hotel - Gibraltar"]
[Date "2014.02.03"]
[Round "7.71"]
[White "Van Den Bersselaar, Jeroen"]
[Black "Deac, Bogdan-Daniel"]
[Result "0-1"]
[WhiteElo "2146"]
[BlackElo "2289"]
[PlyCount "48"]
[EventDate "2014.01.28"]

1. d4 Nf6 2. c4 e6 3. Nf3 b6 4. a3 Bb7 5. Nc3 d5 6. cxd5 Nxd5 7. Qc2 Be7 8. e4
Nxc3 9. bxc3 O-O 10. Bd3 c5 11. O-O Qc8 12. Qe2 Ba6 13. Rd1 Rd8 14. Be3 Bxd3
15. Rxd3 Nd7 16. e5 cxd4 17. cxd4 Qa6 18. Rad1 Rac8 19. Bg5 Bxg5 20. Nxg5 Nxe5
21. Qh5 h6 22. Rh3 Qa4 23. f4 g6 24. Qe2 hxg5 0-1

[Event "Tradewise Gibraltar Chess Festival 2014 "]
[Site "The Caleta Hotel - Gibraltar"]
[Date "2014.02.03"]
[Round "7.72"]
[White "Sos Andreu, Eric"]
[Black "Reppen, Ellisiv"]
[Result "1-0"]
[WhiteElo "2285"]
[BlackElo "1995"]
[PlyCount "75"]
[EventDate "2014.01.28"]

1. d4 Nf6 2. c4 c5 3. d5 b5 4. cxb5 a6 5. bxa6 g6 6. Nc3 Bxa6 7. g3 d6 8. Bg2
Bg7 9. Nf3 Nbd7 10. Rb1 O-O 11. O-O Qa5 12. Bd2 Bb7 13. Qc2 Ng4 14. b3 Nge5 15.
a4 Nxf3+ 16. Bxf3 Rfb8 17. Rfe1 Ba6 18. Bg2 Qc7 19. Na2 Rb7 20. h3 Rab8 21. b4
cxb4 22. Qxc7 Rxc7 23. Nxb4 Bc4 24. Rbc1 Ra8 25. Nc6 Rxa4 26. Nxe7+ Kf8 27. Nc6
Bb2 28. Rc2 Ba3 29. Ra1 Bb3 30. Bh6+ Ke8 31. Rc3 Nc5 32. Re3+ Kd7 33. Re7+ Kc8
34. Re8+ Kb7 35. Rb8+ Ka6 36. Ra8+ Kb5 37. Rxa4 Kxa4 38. Bc1 1-0

[Event "Tradewise Gibraltar Chess Festival 2014 "]
[Site "The Caleta Hotel - Gibraltar"]
[Date "2014.02.03"]
[Round "7.73"]
[White "Allor, Chukwuka"]
[Black "Maisuradze, Nino"]
[Result "1/2-1/2"]
[WhiteElo "2138"]
[BlackElo "2279"]
[PlyCount "56"]
[EventDate "2014.01.28"]

1. g3 e5 2. c4 Nc6 3. Bg2 g6 4. Nc3 Bg7 5. d3 d6 6. e4 Nge7 7. Nge2 Bg4 8. h3
Be6 9. Nd5 O-O 10. g4 f5 11. gxf5 gxf5 12. Bg5 f4 13. Bf3 Qd7 14. Nxe7+ Nxe7
15. Bxe7 Qxe7 16. Bg4 Bf7 17. Nc3 c6 18. Qf3 Kh8 19. O-O Qh4 20. Kh2 Bg6 21.
Rg1 Rf6 22. Rg2 Re8 23. Rag1 Re7 24. b4 Bf8 25. b5 Bf7 26. Bf5 Bh5 27. Bg4 Bf7
28. Bf5 Bh5 1/2-1/2

[Event "Tradewise Gibraltar Chess Festival 2014 "]
[Site "The Caleta Hotel - Gibraltar"]
[Date "2014.02.03"]
[Round "7.74"]
[White "Osuna Vega, Enrique"]
[Black "Gallagher, Joseph G"]
[Result "0-1"]
[WhiteElo "2141"]
[BlackElo "2495"]
[PlyCount "74"]
[EventDate "2014.01.28"]

1. e4 c5 2. Nf3 e6 3. d4 cxd4 4. Nxd4 a6 5. Nc3 Qc7 6. g3 Bb4 7. Nde2 Nf6 8.
Bg2 Be7 9. O-O d6 10. h3 Nc6 11. Be3 b5 12. a3 Bb7 13. g4 Ne5 14. Ng3 Nc4 15.
Bc1 h6 16. Qe2 g6 17. Nd1 Rc8 18. b3 Nb6 19. Ne3 d5 20. Bb2 O-O 21. Rac1 Nxe4
22. Nxe4 dxe4 23. c4 bxc4 24. Nxc4 Nxc4 25. Rxc4 Qf4 26. Bc1 Qe5 27. Bb2 Qb5
28. Qd2 Qxb3 29. Qd4 f6 30. Rxc8 Rxc8 31. Bxe4 Bc5 32. Qd3 Qxb2 33. Qd7 Rb8 34.
Bxg6 Bxf2+ 35. Rxf2 Qc1+ 36. Rf1 Qe3+ 37. Rf2 Qe1+ 0-1

[Event "Tradewise Gibraltar Chess Festival 2014 "]
[Site "The Caleta Hotel - Gibraltar"]
[Date "2014.02.03"]
[Round "7.75"]
[White "Heer, Stephan"]
[Black "Roeder, Matthias"]
[Result "0-1"]
[WhiteElo "2106"]
[BlackElo "2423"]
[PlyCount "66"]
[EventDate "2014.01.28"]

1. d4 Nf6 2. c4 g6 3. Nc3 Bg7 4. e4 O-O 5. f3 c6 6. Be3 d5 7. e5 Ne8 8. cxd5
cxd5 9. Qd2 Nc6 10. Bb5 Nc7 11. Bxc6 bxc6 12. Na4 Ne6 13. Ne2 Ba6 14. Nf4 Nxf4
15. Bxf4 f6 16. e6 g5 17. Bg3 f5 18. Nc5 Qb6 19. O-O-O f4 20. Bf2 Bc4 21. b3
Rfb8 22. Nd7 Qa6 23. Nxb8 Rxb8 24. Kb2 c5 25. Rhe1 Qa4 26. Rb1 cxd4 27. Kc1
Qa3+ 28. Kd1 d3 29. Rc1 Rxb3 30. Rxc4 dxc4 31. axb3 Qxb3+ 32. Kc1 Qa3+ 33. Kd1
Qa4+ 0-1

[Event "Tradewise Gibraltar Chess Festival 2014 "]
[Site "The Caleta Hotel - Gibraltar"]
[Date "2014.02.03"]
[Round "7.76"]
[White "Valsecchi, Alessio"]
[Black "Hagesather, Arne"]
[Result "1-0"]
[WhiteElo "2418"]
[BlackElo "2126"]
[PlyCount "83"]
[EventDate "2014.01.28"]

1. f4 c5 2. Nf3 Nf6 3. b3 e6 4. Bb2 Be7 5. e3 a6 6. Be2 Nc6 7. O-O Qc7 8. a3 b6
9. Qe1 Bb7 10. Qg3 Bf8 11. d3 Ne7 12. h3 Nf5 13. Qf2 d5 14. g4 Nd6 15. Nbd2 Nd7
16. c4 f6 17. cxd5 exd5 18. Rac1 Rc8 19. e4 Be7 20. e5 Nb5 21. a4 Na7 22. Nd4
Qb8 23. Nf5 g6 24. Nxe7 Kxe7 25. exf6+ Kf7 26. d4 Qd6 27. g5 Nc6 28. Bg4 h5 29.
dxc5 Nxc5 30. Bxc8 Bxc8 31. Qf3 Bf5 32. Rfe1 Ne6 33. Be5 Qd7 34. Kh2 Nb4 35.
Rcd1 Bg4 36. Qc3 a5 37. Nc4 Nc5 38. Nd6+ Kf8 39. f7 Rh7 40. Bg7+ Rxg7 41. Re8+
Qxe8 42. fxe8=Q# 1-0

[Event "Tradewise Gibraltar Chess Festival 2014 "]
[Site "The Caleta Hotel - Gibraltar"]
[Date "2014.02.03"]
[Round "7.77"]
[White "Nezad, Husein Aziz"]
[Black "Becham, Khalid"]
[Result "1-0"]
[WhiteElo "2372"]
[BlackElo "2122"]
[PlyCount "41"]
[EventDate "2014.01.28"]

1. d4 d5 2. c4 c6 3. Nc3 e6 4. e4 dxe4 5. Nxe4 Bb4+ 6. Bd2 Qxd4 7. Bxb4 Qxe4+
8. Be2 Na6 9. Ba5 Bd7 10. Nf3 Nf6 11. O-O O-O 12. Re1 Qf5 13. Bc3 Rad8 14. Bd3
Qc5 15. Re5 Qe7 16. Qe2 Nb4 17. Nh4 g6 18. Nf5 gxf5 19. Rxf5 e5 20. Rg5+ Kh8
21. Qxe5 1-0

[Event "Tradewise Gibraltar Chess Festival 2014 "]
[Site "The Caleta Hotel - Gibraltar"]
[Date "2014.02.03"]
[Round "7.78"]
[White "Baert, Andy"]
[Black "Sanchez Jerez, Emilio Miguel"]
[Result "0-1"]
[WhiteElo "2104"]
[BlackElo "2287"]
[PlyCount "52"]
[EventDate "2014.01.28"]

1. d4 d6 2. c4 Nf6 3. Nc3 e5 4. Nf3 e4 5. Nd2 Bf5 6. Qb3 Nc6 7. e3 Rb8 8. h3 h5
9. a3 g6 10. Qa4 Qd7 11. d5 Ne5 12. Qxa7 Qc8 13. Qa4+ c6 14. g3 Nd3+ 15. Bxd3
exd3 16. dxc6 bxc6 17. Nd5 Bg7 18. h4 Ne4 19. f3 Nc5 20. Qd1 cxd5 21. cxd5 O-O
22. Rb1 Re8 23. Kf2 Qa6 24. Re1 Na4 25. e4 Bh3 26. Rh1 Qb6+ 0-1

[Event "Tradewise Gibraltar Chess Festival 2014 "]
[Site "The Caleta Hotel - Gibraltar"]
[Date "2014.02.03"]
[Round "7.79"]
[White "Proudian, Armen"]
[Black "Duff, Rufus"]
[Result "0-1"]
[WhiteElo "2273"]
[BlackElo "2113"]
[PlyCount "116"]
[EventDate "2014.01.28"]

1. e4 e5 2. Nf3 Nc6 3. Bb5 a6 4. Ba4 Nf6 5. O-O Be7 6. d3 d6 7. c3 O-O 8. Nbd2
b5 9. Bc2 d5 10. a4 b4 11. a5 Bb7 12. Qe2 Re8 13. Re1 Bf8 14. Nf1 h6 15. h3 g6
16. Ne3 Bg7 17. Bd2 Rb8 18. Nh2 Ba8 19. Nhg4 Nxg4 20. Nxg4 h5 21. Nh2 Qd6 22.
Ra4 Qc5 23. Rea1 Nd4 24. Qe3 Qc6 25. Bd1 bxc3 26. bxc3 Nb3 27. R1a2 Nxd2 28.
Qxd2 Rb1 29. Nf1 Bh6 30. Qxh6 Rxd1 31. Qe3 Rb8 32. Ra1 Rxa1 33. Rxa1 Qxc3 34.
Qa7 Rf8 35. Rb1 Qxa5 36. Rc1 dxe4 37. dxe4 Bxe4 38. Ng3 Bd5 39. Rxc7 Ra8 40.
Qc5 Qxc5 41. Rxc5 Rd8 42. Ra5 Rd6 43. f3 f6 44. Ne4 Bxe4 45. fxe4 Kf7 46. Kf2
Ke6 47. h4 Kd7 48. Ra3 Kc7 49. Rg3 a5 50. Rxg6 a4 51. g4 hxg4 52. h5 a3 53.
Rxg4 Rd1 54. h6 a2 55. h7 Rh1 56. Rg7+ Kb6 57. Rg1 Rxh7 58. Ra1 Ra7 0-1

[Event "Tradewise Gibraltar Chess Festival 2014 "]
[Site "The Caleta Hotel - Gibraltar"]
[Date "2014.02.03"]
[Round "7.80"]
[White "Rindlisbacher, Jan"]
[Black "Mihajlov, Svetoslav"]
[Result "1/2-1/2"]
[WhiteElo "2250"]
[BlackElo "2112"]
[PlyCount "80"]
[EventDate "2014.01.28"]

1. d4 d5 2. c4 c6 3. Nc3 Nf6 4. Nf3 e6 5. e3 Nbd7 6. Qc2 Bd6 7. g4 Bb4 8. Bd2
Bxc3 9. Bxc3 Ne4 10. Bd3 Nxc3 11. bxc3 Qf6 12. Ke2 e5 13. cxd5 cxd5 14. dxe5
Nxe5 15. Nxe5 Qxe5 16. Qa4+ Ke7 17. h3 Rd8 18. Rac1 Bd7 19. Qb4+ Qd6 20. Qd4
Qf6 21. Qb4+ Qd6 22. Rhd1 Bc6 23. Bc2 a5 24. Qd4 Kf8 25. c4 Qa3 26. Bxh7 dxc4
27. Qb6 Rd6 28. Be4 Ra6 29. Qb1 Bxe4 30. Qxe4 b5 31. Qb7 Rab6 32. Qa8+ Ke7 33.
Qe4+ Re6 34. Qd5 Red6 35. Qe4+ Kd8 36. Qa8+ Kc7 37. Qe8 Qxa2+ 38. Kf1 Rbc6 39.
Qxf7+ Kb6 40. Qf8 Qb2 1/2-1/2

[Event "Tradewise Gibraltar Chess Festival 2014 "]
[Site "The Caleta Hotel - Gibraltar"]
[Date "2014.02.03"]
[Round "7.81"]
[White "Gandrud, Vegar Koi"]
[Black "Verneuil, Pascal"]
[Result "1-0"]
[WhiteElo "2242"]
[BlackElo "2065"]
[PlyCount "65"]
[EventDate "2014.01.28"]

1. d4 d5 2. c4 c6 3. Nf3 Nf6 4. Nc3 a6 5. e3 Bg4 6. h3 Bxf3 7. Qxf3 e6 8. Bd3
dxc4 9. Bxc4 Be7 10. O-O O-O 11. Rd1 Nbd7 12. e4 b5 13. Bb3 b4 14. Ne2 Qa5 15.
Bf4 e5 16. Bh2 Bd6 17. Qd3 c5 18. dxe5 Bxe5 19. Qc2 Bxh2+ 20. Kxh2 Rac8 21. f4
Nb6 22. e5 Nh5 23. Bd5 g6 24. Bf3 Ng7 25. Ng3 c4 26. Ne4 Nf5 27. Qf2 c3 28.
bxc3 bxc3 29. Bg4 Rc6 30. Bxf5 gxf5 31. Nf6+ Rxf6 32. exf6 Kh8 33. Qg3 1-0

[Event "Tradewise Gibraltar Chess Festival 2014 "]
[Site "The Caleta Hotel - Gibraltar"]
[Date "2014.02.03"]
[Round "7.82"]
[White "Berry, Neil"]
[Black "Nyland, Thomas"]
[Result "1/2-1/2"]
[WhiteElo "2227"]
[BlackElo "2047"]
[PlyCount "53"]
[EventDate "2014.01.28"]

1. d4 Nf6 2. c4 e6 3. Nc3 Bb4 4. f3 c5 5. d5 O-O 6. e4 d6 7. Nge2 b5 8. Ng3
bxc4 9. Bxc4 e5 10. O-O Nbd7 11. Qe2 Nb6 12. Bb5 Rb8 13. Nd1 c4 14. a4 Qc7 15.
Be3 a6 16. Bc6 a5 17. Qf2 Nfd7 18. Nf5 Nc5 19. Nxg7 Kxg7 20. Bh6+ Kxh6 21. Qh4+
Kg7 22. Qg5+ Kh8 23. Qf6+ Kg8 24. Qg5+ Kh8 25. Qf6+ Kg8 26. Qg5+ Kh8 27. Qf6+
1/2-1/2

[Event "Tradewise Gibraltar Chess Festival 2014 "]
[Site "The Caleta Hotel - Gibraltar"]
[Date "2014.02.03"]
[Round "7.83"]
[White "Skutta, Bernd"]
[Black "Semprun Martinez, Fernando"]
[Result "0-1"]
[WhiteElo "2048"]
[BlackElo "2227"]
[PlyCount "106"]
[EventDate "2014.01.28"]

1. d4 Nf6 2. Nf3 e6 3. c4 c5 4. d5 d6 5. Nc3 exd5 6. cxd5 g6 7. h3 Bg7 8. e4
O-O 9. Bd3 b5 10. Nxb5 Re8 11. O-O Nxe4 12. Re1 a6 13. Nc3 Nxc3 14. Rxe8+ Qxe8
15. bxc3 Bxc3 16. Rb1 Nd7 17. Qa4 Nf6 18. Qc4 Ba5 19. Bb2 Qd8 20. Ng5 h6 21.
Qf4 hxg5 22. Qxf6 Qxf6 23. Bxf6 g4 24. hxg4 Bxg4 25. f3 Bf5 26. Kf2 Bd8 27.
Bxf5 Bxf6 28. Bd7 Bd4+ 29. Ke2 Kg7 30. Kd3 a5 31. a4 Ra7 32. Bc6 Re7 33. Rb7
Re3+ 34. Kd2 c4 35. Bb5 c3+ 36. Kc2 Re1 37. Bd3 Rg1 38. g4 Rg2+ 39. Kb1 Kf6 40.
Be4 Bc5 41. Kc1 Ba3+ 42. Kb1 Bb4 43. Kc1 Bc5 44. Kb1 Ke5 45. Re7+ Kd4 46. Rxf7
Rb2+ 47. Kc1 Ke3 48. Bc2 Ke2 49. Re7+ Be3+ 50. Rxe3+ Kxe3 51. Bxg6 Kxf3 52. Bf5
Rg2 53. Bc2 Kxg4 0-1

[Event "Tradewise Gibraltar Chess Festival 2014 "]
[Site "The Caleta Hotel - Gibraltar"]
[Date "2014.02.03"]
[Round "7.84"]
[White "Rowe, Duane"]
[Black "Biegel, Thomas"]
[Result "1/2-1/2"]
[WhiteElo "2218"]
[BlackElo "2059"]
[PlyCount "100"]
[EventDate "2014.01.28"]

1. e4 c6 2. d4 d5 3. exd5 cxd5 4. c4 Nf6 5. Nc3 e6 6. Nf3 Bb4 7. a3 Bxc3+ 8.
bxc3 dxc4 9. Bxc4 Qc7 10. Qe2 O-O 11. O-O Nbd7 12. Bd2 b6 13. Rfc1 Bb7 14. Bd3
Rfe8 15. Ne5 Nxe5 16. dxe5 Qc6 17. f3 Nd7 18. Bb5 Qc7 19. Bxd7 Qxd7 20. Be3 Qa4
21. Qf2 h6 22. Qg3 Kh7 23. h4 Qc4 24. a4 Red8 25. Bd4 Rd5 26. Rcb1 Ra5 27. Rb4
Qd3 28. Qf4 Kg8 29. Re1 Rc8 30. Kh2 Qc2 31. Rc1 Qd3 32. Bg1 Qf5 33. Qxf5 exf5
34. Bd4 Bc6 35. Kg3 Bd7 36. Kf4 Rc7 37. Rg1 h5 38. Re1 Be6 39. Kg5 g6 40. Kh6
Kf8 41. Rg1 Ke7 42. Kg5 Rc6 43. Kf4 Rc8 44. Ke3 Rc7 45. Kd3 Bd7 46. Ra1 b5 47.
c4 Rxc4 48. Rxc4 bxc4+ 49. Kxc4 Rxa4+ 50. Rxa4 Bxa4 1/2-1/2

[Event "Tradewise Gibraltar Chess Festival 2014 "]
[Site "The Caleta Hotel - Gibraltar"]
[Date "2014.02.03"]
[Round "7.85"]
[White "Vea, Odin Blikra"]
[Black "Nejanky, Maisa"]
[Result "1-0"]
[WhiteElo "2217"]
[BlackElo "2040"]
[PlyCount "79"]
[EventDate "2014.01.28"]

1. e4 c5 2. Nf3 d6 3. d4 Nf6 4. Nc3 cxd4 5. Nxd4 Nc6 6. Bg5 e6 7. Qd2 a6 8.
O-O-O Bd7 9. f3 b5 10. Kb1 h6 11. Be3 b4 12. Nce2 a5 13. Nxc6 Bxc6 14. Nd4 Bd7
15. Nb5 Bxb5 16. Bxb5+ Nd7 17. Bc5 Qg5 18. Qxg5 hxg5 19. Bxd6 Bxd6 20. Rxd6
O-O-O 21. c3 Ne5 22. Rxd8+ Rxd8 23. cxb4 axb4 24. Kc2 Kc7 25. Rd1 Rb8 26. Be2
Kb6 27. Kb3 Kc5 28. h3 Nc6 29. Rc1+ Kd6 30. Kc4 Ne5+ 31. Kd4 Ra8 32. Ra1 Rc8
33. Bd3 Nxd3 34. Kxd3 Ke5 35. a4 Kf4 36. a5 Kg3 37. a6 Ra8 38. Kc4 Kxg2 39.
Kxb4 Kxf3 40. Ka5 1-0

[Event "Tradewise Gibraltar Chess Festival 2014 "]
[Site "The Caleta Hotel - Gibraltar"]
[Date "2014.02.03"]
[Round "7.86"]
[White "Stenzel, Thomas"]
[Black "Perdomo Araujo, Angel Eduardo"]
[Result "1/2-1/2"]
[WhiteElo "2216"]
[BlackElo "2018"]
[PlyCount "88"]
[EventDate "2014.01.28"]

1. e4 e6 2. d3 d5 3. Nd2 c5 4. g3 b6 5. Bg2 Bb7 6. Ngf3 Nd7 7. O-O Ne7 8. Re1
dxe4 9. dxe4 Ng6 10. Nc4 Qc7 11. a4 Be7 12. Bd2 O-O 13. c3 a6 14. Qc2 b5 15.
Na3 Bc6 16. h4 Nde5 17. h5 Nxf3+ 18. Bxf3 Ne5 19. Be2 Qb7 20. f3 Rfd8 21. Bf4
Bf6 22. Rad1 c4 23. Rxd8+ Rxd8 24. Rd1 Qb6+ 25. Kg2 g5 26. hxg6 Nxg6 27. Bh6
Rxd1 28. Qxd1 Qc5 29. axb5 axb5 30. Qd2 Qh5 31. Nc2 Be7 32. Be3 e5 33. Nb4 Bxb4
34. cxb4 Nf8 35. Qd8 Kg7 36. Qg5+ Qxg5 37. Bxg5 Ne6 38. Be7 Nd4 39. Bd1 f5 40.
exf5 Nxf5 41. Bc5 e4 42. f4 e3+ 43. Kh2 Be4 44. g4 Bd3 1/2-1/2

[Event "Tradewise Gibraltar Chess Festival 2014 "]
[Site "The Caleta Hotel - Gibraltar"]
[Date "2014.02.03"]
[Round "7.87"]
[White "Stewart, Ashley"]
[Black "Zvarik, Martin"]
[Result "1-0"]
[WhiteElo "2038"]
[BlackElo "2216"]
[PlyCount "81"]
[EventDate "2014.01.28"]

1. d4 Nf6 2. c4 e6 3. g3 d5 4. Nf3 b6 5. cxd5 exd5 6. Bg2 Bd6 7. O-O O-O 8. Nc3
c6 9. Qb3 Re8 10. Bf4 Bxf4 11. gxf4 Ng4 12. e3 a5 13. Rac1 Nd7 14. Ne2 Ba6 15.
Rfe1 Rc8 16. Ng3 Rc7 17. Ne5 Ngxe5 18. fxe5 Re6 19. Qc2 Ra7 20. Qf5 g6 21. Qf4
Bb5 22. Rc3 f5 23. Qh6 Nf8 24. h4 Qe7 25. Rec1 Qd8 26. Qg5 Qxg5 27. hxg5 Rf7
28. f4 Nd7 29. Kf2 Rf8 30. Ke1 Kg7 31. Kd2 Nb8 32. Ne2 Bxe2 33. Kxe2 h6 34.
gxh6+ Kxh6 35. Rh1+ Kg7 36. Rcc1 Rh8 37. Rxh8 Kxh8 38. Bxd5 cxd5 39. Rc8+ Kg7
40. Rxb8 Rc6 41. Kd2 1-0

[Event "Tradewise Gibraltar Chess Festival 2014 "]
[Site "The Caleta Hotel - Gibraltar"]
[Date "2014.02.03"]
[Round "7.88"]
[White "Freuler, Roman"]
[Black "Al-Tamimi, Hamad"]
[Result "0-1"]
[WhiteElo "2048"]
[BlackElo "2211"]
[PlyCount "112"]
[EventDate "2014.01.28"]

1. e4 c6 2. d4 d5 3. exd5 cxd5 4. Bd3 Nc6 5. c3 Nf6 6. Bf4 Bg4 7. Qb3 Qc8 8.
Nd2 e6 9. Ngf3 Be7 10. O-O O-O 11. Ne5 Bh5 12. Rae1 Nxe5 13. Bxe5 Bg6 14. Bxg6
hxg6 15. Nf3 Qc6 16. Bf4 b5 17. Ne5 Qb7 18. Re3 Nh5 19. Bg3 a5 20. h4 b4 21.
Bh2 a4 22. Qc2 bxc3 23. bxc3 Bd6 24. Rh3 Nf6 25. Nd3 Bxh2+ 26. Kxh2 Rfc8 27.
Nc5 Qc7+ 28. Kg1 a3 29. Rc1 Rcb8 30. Nb3 Qf4 31. c4 dxc4 32. Qxc4 Nd5 33. Rd3
Qxh4 34. Rd2 Qg5 35. Rdc2 Nb4 36. Qc5 Qh6 37. Re2 Nxa2 38. Rxa2 Rxb3 39. Rca1
Rab8 40. Qc2 Qf4 41. Rxa3 Rb2 42. Rf3 Qxf3 43. Qxb2 Qxg2+ 44. Kxg2 Rxb2 45. Kf3
Rb6 46. Ra5 f6 47. Ke4 g5 48. Ra7 Kh7 49. Re7 Kg6 50. Ra7 Rb4 51. Ke3 f5 52.
Ra6 Kf7 53. Ra7+ Kf6 54. Ra6 Rb5 55. Rc6 g4 56. Kf4 Rb3 0-1

[Event "Tradewise Gibraltar Chess Festival 2014 "]
[Site "The Caleta Hotel - Gibraltar"]
[Date "2014.02.03"]
[Round "7.89"]
[White "Weinstein, Shaul"]
[Black "Barrenechea Bahamonde, Gustavo"]
[Result "1-0"]
[WhiteElo "2025"]
[BlackElo "2208"]
[PlyCount "61"]
[EventDate "2014.01.28"]

1. d4 Nf6 2. c4 c5 3. d5 a6 4. Nc3 b5 5. cxb5 axb5 6. Nxb5 e6 7. Nc3 Qa5 8. Bd2
Qb6 9. dxe6 fxe6 10. e3 Be7 11. Nf3 O-O 12. Bb5 Na6 13. O-O Nc7 14. a4 Nxb5 15.
axb5 Bb7 16. Qe2 Rac8 17. Rfc1 Ne4 18. Nxe4 Bxe4 19. Ne5 Qc7 20. Bc3 d6 21. b6
Qd8 22. Nc4 Rb8 23. Qg4 Bg6 24. Qxe6+ Kh8 25. Ra7 Rf7 26. Rd7 Qf8 27. Nxd6 Bxd6
28. Qxd6 Rxd7 29. Qxd7 Bf5 30. Bxg7+ Qxg7 31. Qxf5 1-0

[Event "Tradewise Gibraltar Chess Festival 2014 "]
[Site "The Caleta Hotel - Gibraltar"]
[Date "2014.02.03"]
[Round "7.91"]
[White "Agbabishvili, Lali"]
[Black "Kvisla, Johannes Luangtep"]
[Result "1-0"]
[WhiteElo "1941"]
[BlackElo "2154"]
[PlyCount "87"]
[EventDate "2014.01.28"]

1. c4 e5 2. g3 Nc6 3. Bg2 g6 4. Nc3 Bg7 5. d3 f5 6. e4 d6 7. Nge2 Nf6 8. O-O
O-O 9. exf5 Bxf5 10. h3 Qd7 11. Kh2 Rae8 12. Be3 Nb4 13. Ne4 Nxe4 14. dxe4 Be6
15. a3 Nc6 16. c5 b6 17. cxd6 cxd6 18. b4 b5 19. Qd2 Ra8 20. Rfd1 Rfd8 21. Bg5
Ne7 22. Nc3 Bb3 23. Rdb1 Bc4 24. Bf1 Rab8 25. a4 Bxf1 26. Rxf1 bxa4 27. Nd5 Nc6
28. Bxd8 Nd4 29. Qa2 Qxd8 30. Qxa4 Qg5 31. Qd7 Rf8 32. Rxa7 Nf3+ 33. Kg2 Qh6
34. Rc1 Ng5 35. Rcc7 Rxf2+ 36. Kxf2 Nxh3+ 37. Qxh3 Qd2+ 38. Kg1 Qe1+ 39. Kh2
Qe2+ 40. Qg2 Qh5+ 41. Kg1 Qd1+ 42. Qf1 Qd4+ 43. Qf2 Qd1+ 44. Kg2 1-0

[Event "Tradewise Gibraltar Chess Festival 2014 "]
[Site "The Caleta Hotel - Gibraltar"]
[Date "2014.02.03"]
[Round "7.92"]
[White "Magnusdottir, Veronika Steinun"]
[Black "Vinas Guerrero, Carlos A"]
[Result "0-1"]
[WhiteElo "1561"]
[BlackElo "2153"]
[PlyCount "64"]
[EventDate "2014.01.28"]

1. e4 c5 2. Nf3 e6 3. d4 cxd4 4. Nxd4 Nc6 5. Nb3 Nf6 6. Qe2 Qc7 7. Nc3 a6 8. a4
Bb4 9. Bd2 O-O 10. g3 d5 11. Bg2 d4 12. Na2 Bxd2+ 13. Qxd2 e5 14. O-O Be6 15.
Nc5 Bc4 16. Nd3 a5 17. Rfe1 Qd6 18. f4 Nd7 19. Nac1 f6 20. Kh1 Rac8 21. b3 Ba6
22. Bh3 Rc7 23. f5 Rfc8 24. Nb2 Qb4 25. Qd1 Qc3 26. Ncd3 Nb4 27. Rc1 Nxd3 28.
Nxd3 Bxd3 29. Bf1 Bxf1 30. Rxf1 Qc6 31. Qe2 Nc5 32. Rfe1 Nxb3 0-1

[Event "Tradewise Gibraltar Chess Festival 2014 "]
[Site "The Caleta Hotel - Gibraltar"]
[Date "2014.02.03"]
[Round "7.93"]
[White "Henrichsen, Jens"]
[Black "Byron, Alan M"]
[Result "0-1"]
[WhiteElo "1946"]
[BlackElo "2147"]
[PlyCount "38"]
[EventDate "2014.01.28"]

1. d4 Nf6 2. c4 g6 3. Nc3 Bg7 4. e4 d6 5. Be2 O-O 6. Nf3 Na6 7. O-O e5 8. d5
Nc5 9. Qc2 a5 10. b3 Nh5 11. g3 f5 12. Nd2 Nf6 13. f3 Bh6 14. Ndb1 Bxc1 15.
Rxc1 fxe4 16. Nxe4 Nfxe4 17. fxe4 Qg5 18. Nc3 Qe3+ 19. Kh1 Bh3 0-1